[Event "IECC O email"]
[Site "IECC email"]
[Date "2001.11.06"]
[Round "?"]
[White "Allan, Ory"]
[Black "Van Rensburg, Kevin"]
[Result "1-0"]
[WhiteElo "990"]
[BlackElo "1000"]
[PlyCount "29"]
[EventDate "2001.??.??"]
[EventType "tourn (corr)"]
[EventRounds "6"]
[SourceTitle "Corr 2008"]
[Source "ChessBase"]
[SourceDate "2008.06.24"]
[SourceVersion "1"]
[SourceVersionDate "2008.06.24"]
[SourceQuality "1"]

1. e4 e5 2. Nc3 d6 3. Nf3 Bd7 4. d4 exd4 5. Nxd4 c5 6. Ndb5 Bxb5 7. Bxb5+ Nd7 8. Qd5 a6 9. Bc4 Ne5 10. Qxb7 Nxc4 11. Qc6+ Ke7 12. Nd5+ Ke6 13. Nc7+ Ke5 14. Qd5+ Kf6 15. Qg5# 1-0